000
00337nam a2200157Ia 4500
100
_a
Covey/Sean
650
_a
General
942
_c
BK
366
_f
20
245
_a
6 Most important decisions you will ever make
260
_b
Simon
_c
2006
082
_a
305.235
_b
COV
300
_a
324
546
_a
ENGLISH
_c
Computers
999
_c
30691
_d
30691